| 000 | 00714cam a22002537a 4500 | ||
|---|---|---|---|
| 003 | CHAP | ||
| 005 | 20220329135106.0 | ||
| 008 | 971013s1954 r 00010 d | ||
| 010 | _a30795 | ||
| 011 | _a31767 | ||
| 035 | _a35879 | ||
| 040 | _cCHAP | ||
| 082 |
_a331.761 _bN3 |
||
| 110 |
_aNational Manpower Council _980362 |
||
| 245 | 1 | 2 | _aA policy for skilled manpower... |
| 260 |
_aNew York : _bColumbia University Press, _c1954 |
||
| 300 | _a299 p. | ||
| 590 |
_aBATCH-UPD _b10 _c20130110 _lUCH01 _h2050 |
||
| 590 |
_aCONVERSION _b10 _c20130109 _lUCH01 _h1317 |
||
| 650 | 1 | 4 |
_aMano de obra. _970527 |
| 901 | _aBK | ||
| 942 | _cLIBRO | ||
| 949 |
_a331.761 N3 _bBC _cLIBRO _d33724000325544 _eLIBRO _h13563 _i35879 _si |
||
| 999 |
_c30795 _d30795 |
||